La Dalmatie, l'Italie et l'unite yougoslave (1797-1917) : une contribution a la future paix europeene

Αποθηκεύτηκε σε:
Λεπτομέρειες βιβλιογραφικής εγγραφής
Κύριος συγγραφέας: Vojnovic, Lujo, 1864-1951
Μορφή: Βιβλίο
Γλώσσα:French
Δημοσίευση: Geneve : Georg, 1917
Θέματα:
Ετικέτες: Προσθήκη ετικέτας
Δεν υπάρχουν, Καταχωρήστε ετικέτα πρώτοι!

MARC

LEADER 00000cam a2200000 i 4500
001 1/96436
008 081104s1917 fre d
035 |l 10101338 
040 |a GR-MY-UA  |b gre  |e aacr 
041 0 |a fre 
082 0 |a 949.72  |2 (22) 
100 1 |a Vojnovic, Lujo,   |d 1864-1951. 
245 1 3 |a La Dalmatie, l'Italie et l'unite yougoslave (1797-1917) :  |b une contribution a la future paix europeene 
260 |a Geneve :   |b Georg,   |c 1917 
300 |a cix, 380 σ.;  |b χάρτες;  |c 19 εκ. 
504 |a Βιβλιογραφία: σ. [v] 
650 0 0 |a Yugoslavs. 
650 0 0 |a Eastern question (Balkan) 
650 0 0 |a World War, 1914-1918  |x Territorial questions  |z Croatia  |z Dalmatia. 
651 0 |a Dalmatia (Croatia)  |x History. 
651 0 |a Austria  |x Politics and government. 
852 |a INST  |b LESVOS  |e 20081104  |h 949.72 VOJ  |p 005100043376  |q 005100043376  |t BK  |y 0 
901 |a BIBL1-2008-3 
909 |a Λ  |b 156120 
970 |a ΚΑΡΑ  |b ΓΙΑΣΕΜΗ  |z 2008/11/04